[Event "Unterfränkische"]
[Site "?"]
[Date "2014.04.24"]
[Round "6.1"]
[White "Kunz, Konstantin"]
[Black "Englert, Fabian"]
[Result "1-0"]
[WhiteElo "2198"]
[BlackElo "2310"]
[PlyCount "91"]
[EventDate "2014.??.??"]

1. d4 {[%clk 1:59:57]} 1... Nf6 {[%clk 1:59:55]} 2. Nf3 {[%clk 1:59:11]} 2...
g6 {[%clk 1:59:41]} 3. c4 {[%clk 1:58:28]} 3... Bg7 {[%clk 1:59:34]} 4. Nc3 {
[%clk 1:58:07]} 4... O-O {[%clk 1:59:17]} 5. e4 {[%clk 1:58:00]} 5... d6 {
[%clk 1:59:07]} 6. h3 {[%clk 1:57:34]} 6... e5 {[%clk 1:58:38]} 7. d5 {
[%clk 1:57:26]} 7... Nh5 {[%clk 1:58:18]} 8. g3 {[%clk 1:57:07]} 8... Qe8 {
[%clk 1:57:18]} 9. Be2 {[%clk 1:50:51]} 9... f5 {[%clk 1:56:27]} 10. exf5 {
[%clk 1:50:37]} 10... gxf5 {[%clk 1:56:23]} 11. Nh4 {[%clk 1:50:16]} 11... Nf6
{[%clk 1:55:47]} 12. Qc2 {[%clk 1:49:07]} 12... c6 {[%clk 1:47:54]} 13. Nxf5 {
[%clk 1:30:30]} 13... Bxf5 {[%clk 1:47:21]} 14. Qxf5 {[%clk 1:30:19]} 14...
Nxd5 {[%clk 1:43:02]} 15. Qc2 {[%clk 1:10:09]} 15... Nxc3 {[%clk 1:42:15]} 16.
Qxc3 {[%clk 1:09:50]} 16... d5 {[%clk 1:36:15]} 17. cxd5 {[%clk 1:06:34]} 17...
cxd5 {[%clk 1:35:28]} 18. Qb3 {[%clk 1:06:22]} 18... Qf7 {[%clk 1:29:22]} 19.
Be3 {[%clk 1:05:58]} 19... Nc6 {[%clk 1:29:07]} 20. Rd1 {[%clk 1:02:43]} 20...
Rad8 {[%clk 1:21:58]} 21. O-O {[%clk 1:01:11]} 21... Kh8 {[%clk 1:21:21]} 22.
Bg5 {[%clk 0:47:30]} 22... Rd6 {[%clk 1:16:59]} 23. Qa3 {[%clk 0:41:50]} 23...
Qc7 {[%clk 1:16:21]} 24. Bf3 {[%clk 0:28:42]} 24... Nd4 {[%clk 0:54:41]} 25.
Bg2 {[%clk 0:27:36]} 25... Ra6 {[%clk 0:46:12]} 26. Qe7 {[%clk 0:23:43]} 26...
Qc6 {[%clk 0:27:42]} 27. a3 {[%clk 0:22:45]} 27... Nf5 {[%clk 0:27:12]} 28. Qb4
{[%clk 0:21:59]} 28... e4 {[%clk 0:27:01]} 29. Qd2 {[%clk 0:20:45]} 29... Nd4 {
[%clk 0:18:30]} 30. Be3 {[%clk 0:18:34]} 30... Nf3+ {[%clk 0:14:55]} 31. Bxf3 {
[%clk 0:18:08]} 31... exf3 {[%clk 0:14:53]} 32. Bd4 {[%clk 0:17:50]} 32... Qd7
{[%clk 0:14:51]} 33. Bxg7+ {[%clk 0:16:13]} 33... Qxg7 {[%clk 0:14:39]} 34. Qd4
{[%clk 0:15:20]} 34... Rb6 {[%clk 0:08:07]} 35. b4 {[%clk 0:13:47]} 35... Ra6 {
[%clk 0:06:50]} 36. Qxg7+ {[%clk 0:12:07]} 36... Kxg7 {[%clk 0:06:48]} 37. Rd3
{[%clk 0:11:56]} 37... Ra4 {[%clk 0:04:08]} 38. Re1 {[%clk 0:08:25]} 38... d4 {
[%clk 0:02:51]} 39. Re4 {[%clk 0:07:15]} 39... a5 {[%clk 0:01:31]} 40. Rg4+ {
[%clk 0:05:36]} 40... Kh8 {[%clk 0:00:47]} 41. Rgxd4 {[%clk 0:04:47]} 41... Rf7
{[%clk 0:00:25]} 42. Kh2 {[%clk 0:46:02]} 42... axb4 {[%clk 0:58:41]} 43. Rxb4
{[%clk 0:45:21]} 43... Ra6 {[%clk 0:55:35]} 44. g4 {[%clk 0:41:31]} 44... Rc6 {
[%clk 0:55:16]} 45. Kg3 {[%clk 0:39:14]} 45... Rc1 {[%clk 0:55:08]} 46. Rf4 {
[%clk 0:39:02]} 1-0

[Event "Unterfränkische"]
[Site "?"]
[Date "2014.04.24"]
[Round "6.2"]
[White "Savina, Anastasia"]
[Black "Basel, Matthias"]
[Result "1-0"]
[WhiteElo "2394"]
[BlackElo "2110"]
[PlyCount "97"]
[EventDate "2014.??.??"]

1. d4 {[%clk 1:59:57]} 1... Nf6 {[%clk 1:59:55]} 2. c4 {[%clk 1:59:53]} 2... g6
{[%clk 1:59:51]} 3. Nc3 {[%clk 1:59:49]} 3... Bg7 {[%clk 1:59:46]} 4. e4 {
[%clk 1:59:46]} 4... d6 {[%clk 1:59:42]} 5. Nf3 {[%clk 1:59:43]} 5... O-O {
[%clk 1:59:24]} 6. h3 {[%clk 1:59:23]} 6... e5 {[%clk 1:58:42]} 7. d5 {
[%clk 1:59:14]} 7... a5 {[%clk 1:58:02]} 8. g4 {[%clk 1:58:52]} 8... Na6 {
[%clk 1:57:16]} 9. Be3 {[%clk 1:58:36]} 9... Nc5 {[%clk 1:54:55]} 10. Nd2 {
[%clk 1:58:22]} 10... Ne8 {[%clk 1:54:26]} 11. h4 {[%clk 1:46:55]} 11... f5 {
[%clk 1:47:22]} 12. g5 {[%clk 1:34:24]} 12... f4 {[%clk 1:41:16]} 13. Bxc5 {
[%clk 1:33:55]} 13... dxc5 {[%clk 1:41:12]} 14. Qf3 {[%clk 1:31:30]} 14... Nd6
{[%clk 1:39:25]} 15. O-O-O {[%clk 1:30:38]} 15... a4 {[%clk 1:37:23]} 16. a3 {
[%clk 1:27:33]} 16... Bd7 {[%clk 1:31:32]} 17. Bh3 {[%clk 1:25:50]} 17... Bxh3
{[%clk 1:14:22]} 18. Rxh3 {[%clk 1:25:26]} 18... Qd7 {[%clk 1:11:34]} 19. h5 {
[%clk 1:21:50]} 19... Kf7 {[%clk 1:09:43]} 20. h6 {[%clk 1:13:12]} 20... Bh8 {
[%clk 1:09:25]} 21. Rg1 {[%clk 1:12:31]} 21... Rfb8 {[%clk 1:00:21]} 22. Qg4 {
[%clk 1:11:34]} 22... Qxg4 {[%clk 0:59:52]} 23. Rxg4 {[%clk 1:11:30]} 23... Ke7
{[%clk 0:59:30]} 24. Rg1 {[%clk 1:05:22]} 24... Kd7 {[%clk 0:58:37]} 25. Kc2 {
[%clk 1:04:36]} 25... b6 {[%clk 0:53:59]} 26. Rb1 {[%clk 0:56:44]} 26... Rf8 {
[%clk 0:46:20]} 27. Kd3 {[%clk 0:53:33]} 27... Nf7 {[%clk 0:41:23]} 28. Nf3 {
[%clk 0:52:03]} 28... Nd6 {[%clk 0:40:54]} 29. Rhh1 {[%clk 0:49:01]} 29... Ra5
{[%clk 0:39:37]} 30. Rhg1 {[%clk 0:46:09]} 30... Rfa8 {[%clk 0:38:59]} 31. Nd2
{[%clk 0:45:34]} 31... Ke7 {[%clk 0:37:13]} 32. b3 {[%clk 0:36:51]} 32... axb3
{[%clk 0:29:10]} 33. a4 {[%clk 0:35:59]} 33... R5a6 {[%clk 0:21:12]} 34. Nxb3 {
[%clk 0:33:32]} 34... Nb7 {[%clk 0:14:59]} 35. Ra1 {[%clk 0:29:53]} 35... Kd7 {
[%clk 0:13:45]} 36. Ra2 {[%clk 0:29:36]} 36... Kc8 {[%clk 0:08:42]} 37. Rga1 {
[%clk 0:28:48]} 37... Nd6 {[%clk 0:08:28]} 38. a5 {[%clk 0:18:44]} 38... Nb7 {
[%clk 0:03:46]} 39. Nb5 {[%clk 0:14:02]} 39... Nd8 {[%clk 0:01:57]} 40. Nxc7 {
[%clk 0:00:34]} 40... Kxc7 {[%clk 0:01:52]} 41. axb6+ {[%clk 0:00:25]} 41...
Kxb6 {[%clk 0:01:48]} 42. Rxa6+ {[%clk 0:00:07]} 42... Rxa6 {[%clk 0:01:42]}
43. Rxa6+ {[%clk 0:00:02]} 43... Kxa6 {[%clk 0:01:40]} 44. Nxc5+ {
[%clk 0:59:52]} 44... Kb6 {[%clk 0:50:10]} 45. Ne6 {[%clk 0:54:00]} 45... Nf7 {
[%clk 0:44:49]} 46. c5+ {[%clk 0:51:38]} 46... Kb5 {[%clk 0:41:37]} 47. f3 {
[%clk 0:50:50]} 47... Bf6 {[%clk 0:31:39]} 48. gxf6 {[%clk 0:50:09]} 48... g5 {
[%clk 0:31:31]} 49. c6 {[%clk 0:47:48]} 1-0

[Event "Unterfränkische"]
[Site "?"]
[Date "2014.04.24"]
[Round "6.3"]
[White "Wurm, Alexander"]
[Black "Kuhn, Tobias"]
[Result "1-0"]
[WhiteElo "2094"]
[BlackElo "2225"]
[PlyCount "129"]
[EventDate "2014.??.??"]

1. d4 {[%clk 1:59:46]} 1... Nf6 {[%clk 1:59:50]} 2. Nc3 {[%clk 1:59:29]} 2...
d5 {[%clk 1:58:28]} 3. Bg5 {[%clk 1:59:05]} 3... h6 {[%clk 1:55:54]} 4. Bxf6 {
[%clk 1:58:33]} 4... exf6 {[%clk 1:52:12]} 5. e4 {[%clk 1:53:10]} 5... dxe4 {
[%clk 1:49:11]} 6. Nxe4 {[%clk 1:52:08]} 6... f5 {[%clk 1:48:50]} 7. Ng3 {
[%clk 1:48:52]} 7... Be7 {[%clk 1:44:07]} 8. Bd3 {[%clk 1:44:25]} 8... g6 {
[%clk 1:41:41]} 9. Nf3 {[%clk 1:32:49]} 9... c6 {[%clk 1:30:37]} 10. Qd2 {
[%clk 1:17:10]} 10... Nd7 {[%clk 1:16:46]} 11. O-O {[%clk 0:58:22]} 11... Kf8 {
[%clk 0:54:47]} 12. Rfe1 {[%clk 0:52:44]} 12... Nf6 {[%clk 0:36:15]} 13. Re2 {
[%clk 0:45:50]} 13... Kg7 {[%clk 0:27:34]} 14. Rae1 {[%clk 0:43:10]} 14... Bd6
{[%clk 0:27:28]} 15. Ne5 {[%clk 0:31:01]} 15... Bxe5 {[%clk 0:26:51]} 16. dxe5
{[%clk 0:29:48]} 16... Nd5 {[%clk 0:26:13]} 17. c4 {[%clk 0:26:01]} 17... Nc7 {
[%clk 0:25:59]} 18. Qc3 {[%clk 0:25:10]} 18... Be6 {[%clk 0:25:19]} 19. Rd2 {
[%clk 0:23:27]} 19... Qg5 {[%clk 0:25:06]} 20. Ne2 {[%clk 0:21:01]} 20... c5 {
[%clk 0:21:44]} 21. g3 {[%clk 0:18:04]} 21... Rhd8 {[%clk 0:17:35]} 22. Red1 {
[%clk 0:17:14]} 22... Na6 {[%clk 0:15:14]} 23. Nf4 {[%clk 0:15:54]} 23... Nb4 {
[%clk 0:13:49]} 24. Bf1 {[%clk 0:14:51]} 24... Nc6 {[%clk 0:11:18]} 25. Nxe6+ {
[%clk 0:13:18]} 25... fxe6 {[%clk 0:11:11]} 26. Rd7+ {[%clk 0:13:07]} 26... Kg8
{[%clk 0:09:09]} 27. f4 {[%clk 0:12:29]} 27... Qg4 {[%clk 0:08:30]} 28. Rxd8+ {
[%clk 0:10:18]} 28... Rxd8 {[%clk 0:08:20]} 29. Rxd8+ {[%clk 0:10:13]} 29...
Nxd8 {[%clk 0:08:15]} 30. Qd3 {[%clk 0:09:42]} 30... Nc6 {[%clk 0:06:39]} 31.
Be2 {[%clk 0:04:59]} 31... Qh3 {[%clk 0:06:37]} 32. Bf1 {[%clk 0:03:31]} 32...
Qg4 {[%clk 0:06:13]} 33. Be2 {[%clk 0:02:17]} 33... Qh3 {[%clk 0:06:11]} 34.
Bf3 {[%clk 0:02:03]} 34... Nd4 {[%clk 0:05:39]} 35. Bxb7 {[%clk 0:02:01]} 35...
a5 {[%clk 0:02:47]} 36. a3 {[%clk 0:01:57]} 36... a4 37. Bg2 {[%clk 0:01:34]}
37... Qh5 {[%clk 0:02:47]} 38. h3 {[%clk 0:00:48]} 38... g5 {[%clk 0:02:17]}
39. Kf2 {[%clk 0:00:33]} 39... Kf7 {[%clk 0:00:50]} 40. Qe3 {[%clk 0:00:02]}
40... gxf4 {[%clk 0:00:15]} 41. gxf4 {[%clk 0:51:02]} 41... Qd1 {[%clk 0:58:44]
} 42. Bf3 {[%clk 0:43:18]} 42... Qc2+ {[%clk 0:56:59]} 43. Kg1 {[%clk 0:38:14]}
43... Qxb2 {[%clk 0:55:53]} 44. Bh5+ {[%clk 0:37:25]} 44... Kf8 {[%clk 0:53:59]
} 45. Qg3 {[%clk 0:34:48]} 45... Qc1+ {[%clk 0:51:38]} 46. Kg2 {[%clk 0:33:43]}
46... Nc2 {[%clk 0:36:17]} 47. Qh4 {[%clk 0:18:00]} 47... Qd2+ {[%clk 0:21:39]}
48. Kg1 {[%clk 0:17:22]} 48... Qe1+ {[%clk 0:06:35]} 49. Qxe1 {[%clk 0:17:20]}
49... Nxe1 {[%clk 0:06:32]} 50. Kf2 {[%clk 0:16:37]} 50... Nc2 {[%clk 0:06:21]}
51. Ke2 {[%clk 0:16:28]} 51... Nxa3 {[%clk 0:02:54]} 52. Kd3 {[%clk 0:16:22]}
52... Nb1 {[%clk 0:02:47]} 53. Bd1 {[%clk 0:16:07]} 53... a3 {[%clk 0:02:20]}
54. Bb3 {[%clk 0:16:06]} 54... Kf7 {[%clk 0:01:28]} 55. Ba2 {[%clk 0:15:59]}
55... Kg6 {[%clk 0:01:21]} 56. Bxb1 {[%clk 0:15:54]} 56... Kh5 {[%clk 0:01:21]}
57. Kc3 {[%clk 0:15:43]} 57... a2 {[%clk 0:00:22]} 58. Bxa2 {[%clk 0:15:34]}
58... Kh4 {[%clk 0:00:21]} 59. Bb1 {[%clk 0:15:07]} 59... Kxh3 {[%clk 0:00:13]}
60. Bxf5+ Kg3 61. Bxe6 {[%clk 0:14:03]} 61... Kxf4 {[%clk 0:00:12]} 62. Bf7 {
[%clk 0:13:01]} 62... Kxe5 63. Kb3 {[%clk 0:12:16]} 63... Kd4 {[%clk 0:00:11]}
64. Bg6 {[%clk 0:11:58]} 64... Ke5 {[%clk 0:00:08]} 65. Ka4 {
[%clk 0:11:52]  Kd5} 1-0

[Event "Unterfränkische"]
[Site "?"]
[Date "2014.04.24"]
[Round "6.4"]
[White "Kuhn, Norbert"]
[Black "Hock, Gerold"]
[Result "1/2-1/2"]
[WhiteElo "2161"]
[BlackElo "2097"]
[PlyCount "133"]
[EventDate "2014.??.??"]

1. e4 {[%clk 1:59:47]} 1... d5 {[%clk 1:59:51]} 2. exd5 {[%clk 1:59:37]} 2...
Qxd5 {[%clk 1:59:41]} 3. d4 {[%clk 1:59:28]} 3... Nf6 {[%clk 1:59:16]} 4. Nf3 {
[%clk 1:59:14]} 4... Bg4 {[%clk 1:57:34]} 5. Be2 {[%clk 1:59:05]} 5... e6 {
[%clk 1:56:41]} 6. O-O {[%clk 1:58:52]} 6... Nbd7 {[%clk 1:43:30]} 7. Re1 {
[%clk 1:53:28]} 7... c6 {[%clk 1:34:28]} 8. c4 {[%clk 1:49:55]} 8... Qa5 {
[%clk 1:31:51]} 9. Nc3 {[%clk 1:49:34]} 9... Be7 {[%clk 1:24:47]} 10. h3 {
[%clk 1:48:04]} 10... Bh5 {[%clk 1:19:10]} 11. Bf4 {[%clk 1:39:32]} 11... h6 {
[%clk 1:11:15]} 12. Qd2 {[%clk 1:37:06]} 12... g5 {[%clk 1:04:52]} 13. Bg3 {
[%clk 1:32:07]} 13... g4 {[%clk 0:54:58]} 14. Ne5 {[%clk 1:17:51]} 14... gxh3 {
[%clk 0:54:14]} 15. Nxd7 {[%clk 1:15:42]} 15... Nxd7 {[%clk 0:49:27]} 16. d5 {
[%clk 1:14:29]} 16... Bxe2 {[%clk 0:47:06]} 17. Qxe2 {[%clk 1:10:43]} 17... Nf8
{[%clk 0:43:33]} 18. Rad1 {[%clk 1:06:00]} 18... Rd8 {[%clk 0:35:17]} 19. gxh3
{[%clk 1:00:37]} 19... Rg8 {[%clk 0:34:48]} 20. Kh1 {[%clk 0:58:05]} 20... Rg6
{[%clk 0:28:23]} 21. a3 {[%clk 0:44:23]} 21... a6 {[%clk 0:26:18]} 22. Qf3 {
[%clk 0:39:23]} 22... Qc5 {[%clk 0:24:19]} 23. Qe4 {[%clk 0:34:21]} 23... cxd5
{[%clk 0:22:21]} 24. cxd5 {[%clk 0:32:22]} 24... b5 {[%clk 0:21:45]} 25. dxe6 {
[%clk 0:15:16]} 25... Rxe6 {[%clk 0:21:43]} 26. Qb7 {[%clk 0:14:49]} 26... Rxd1
{[%clk 0:20:50]} 27. Rxd1 {[%clk 0:14:40]} 27... Qc6+ {[%clk 0:20:32]} 28.
Qxc6+ {[%clk 0:14:30]} 28... Rxc6 {[%clk 0:20:30]} 29. Nd5 {[%clk 0:10:23]}
29... Ne6 {[%clk 0:20:27]} 30. Nxe7 {[%clk 0:09:47]} 30... Kxe7 {[%clk 0:20:23]
} 31. Kg2 {[%clk 0:09:21]} 31... Rc2 {[%clk 0:17:10]} 32. Be5 {[%clk 0:08:56]}
32... f6 {[%clk 0:15:06]} 33. Bc3 {[%clk 0:07:27]} 33... Nf4+ {[%clk 0:13:53]}
34. Kf3 {[%clk 0:07:02]} 34... Nxh3 {[%clk 0:09:31]} 35. Rh1 {[%clk 0:06:38]}
35... Ng5+ {[%clk 0:09:11]} 36. Ke3 {[%clk 0:06:25]} 36... Nf7 {[%clk 0:08:32]}
37. Re1 {[%clk 0:04:43]} 37... Kd7 {[%clk 0:06:54]} 38. Bxf6 {[%clk 0:04:31]}
38... Rc6 {[%clk 0:06:31]} 39. Rd1+ {[%clk 0:03:40]} 39... Ke6 {[%clk 0:05:26]}
40. Bc3 {[%clk 0:03:11]} 40... Nd6 {[%clk 0:03:13]} 41. Rh1 {[%clk 0:54:38]}
41... Nf5+ {[%clk 0:44:03]} 42. Kd3 {[%clk 0:49:53]} 42... Kd5 {[%clk 0:37:25]}
43. Re1 {[%clk 0:48:37]} 43... Re6 {[%clk 0:36:10]} 44. Rxe6 {[%clk 0:47:42]}
44... Kxe6 {[%clk 0:36:06]} 45. Ke4 {[%clk 0:47:16]} 45... Ne7 {[%clk 0:28:47]}
46. Bd2 {[%clk 0:43:55]} 46... Nf5 {[%clk 0:27:57]} 47. Kf4 {[%clk 0:38:15]}
47... Kf6 {[%clk 0:27:31]} 48. Bc3+ {[%clk 0:37:58]} 48... Kg6 {[%clk 0:27:23]}
49. Ke5 {[%clk 0:36:26]} 49... h5 {[%clk 0:24:41]} 50. Kd5 {[%clk 0:34:36]}
50... Ne7+ {[%clk 0:19:04]} 51. Kd6 {[%clk 0:33:31]} 51... Nc8+ {[%clk 0:15:26]
} 52. Kc7 {[%clk 0:31:12]} 52... Ne7 {[%clk 0:15:22]} 53. Be5 {[%clk 0:30:29]}
53... Kf5 {[%clk 0:14:56]} 54. Bh2 {[%clk 0:29:49]} 54... b4 {[%clk 0:13:06]}
55. Kb6 {[%clk 0:27:51]} 55... bxa3 {[%clk 0:10:56]} 56. bxa3 {[%clk 0:27:44]}
56... Nd5+ {[%clk 0:10:03]} 57. Kxa6 {[%clk 0:27:21]} 57... Kg4 {[%clk 0:06:50]
} 58. a4 {[%clk 0:25:55]} 58... Kh3 {[%clk 0:02:39]} 59. Be5 {[%clk 0:25:18]}
59... Kg4 {[%clk 0:02:09]} 60. Kb7 {[%clk 0:23:49]} 60... h4 {[%clk 0:02:01]}
61. Bh2 {[%clk 0:15:12]} 61... Kh3 {[%clk 0:01:59]} 62. Bg3 {[%clk 0:14:56]}
62... hxg3 {[%clk 0:01:51]} 63. fxg3 {[%clk 0:14:52]} 63... Kxg3 {
[%clk 0:01:14]} 64. a5 {[%clk 0:14:44]} 64... Nb4 {[%clk 0:01:13]} 65. Kb6 {
[%clk 0:14:26]} 65... Kf4 {[%clk 0:01:12]} 66. Kb5 {[%clk 0:14:15]} 66... Ke5 {
[%clk 0:01:11]} 67. Kxb4 {[%clk 0:13:27]} 1/2-1/2

[Event "Unterfränkischen EM 2014"]
[Site "Wörth am Main"]
[Date "2014.04.24"]
[Round "6.5"]
[White "Frey, Michael"]
[Black "Amtmann, Florian"]
[Result "1/2-1/2"]
[WhiteElo "2083"]
[BlackElo "2158"]
[PlyCount "76"]
[EventDate "2014.??.??"]

1. e4 c5 2. d4 cxd4 3. c3 g6 4. cxd4 d5 5. exd5 Nf6 6. Nc3 Nxd5 7. Bc4 Nb6 8.
Bb3 Bg7 9. Nf3 O-O 10. d5 Na6 11. Be3 Bf5 12. Nd4 Qd7 13. h3 h5 14. g4 hxg4 15.
hxg4 Bxg4 16. Qd2 Rfd8 17. Bh6 Bh8 18. f3 e5 19. dxe6 Bxe6 20. Nxe6 Qxd2+ 21.
Bxd2 Re8 22. O-O-O fxe6 23. Be3 Rac8 24. Bxb6 axb6 25. Rd7 Bxc3 26. bxc3 Rxc3+
27. Kd2 Rc7 28. Rhh7 Rxd7+ 29. Rxd7 Nc5 30. Rd6 b5 31. Ke3 Kf7 32. Rb6 Rc8 33.
Rxb5 Rc7 34. f4 Nxb3 35. axb3 Kf6 36. Ke4 Rh7 37. Ke3 Rh3+ 38. Ke4 Rh7 1/2-1/2

[Event "Unterfränkischen EM 2014"]
[Site "Wörth am Main"]
[Date "2014.04.24"]
[Round "6.6"]
[White "Kwossek, Georg"]
[Black "Vogt, Thomas"]
[Result "1-0"]
[WhiteElo "2015"]
[BlackElo "2023"]
[PlyCount "78"]
[EventDate "2014.??.??"]

1. d4 Nf6 2. Nf3 e6 3. g3 c5 4. Bg2 Nc6 5. O-O Be7 6. c4 cxd4 7. Nxd4 O-O 8.
Nc3 a6 9. b3 Qa5 10. Bb2 Rb8 11. a3 Qc7 12. Rc1 Nxd4 13. Qxd4 d6 14. Rfd1 Rd8
15. b4 b6 16. h4 Bb7 17. e4 Ba8 18. g4 Qb7 19. g5 Ne8 20. Rd2 Qc7 21. Re2 Qd7
22. Qd3 Rbc8 23. f4 Bc6 24. f5 Nc7 25. Bh3 Bf8 26. fxe6 Nxe6 27. Bf5 b5 28. Nd5
bxc4 29. Qe3 Qb7 30. Rxc4 Bb5 31. Rxc8 Rxc8 32. Rd2 Bc4 33. Rd1 a5 34. h5 axb4
35. axb4 Ra8 36. g6 hxg6 37. hxg6 Bxd5 38. exd5 Qxb4 39. gxf7+ Kxf7 1-0

[Event "Unterfränkischen EM 2014"]
[Site "Wörth am Main"]
[Date "2014.04.24"]
[Round "6.7"]
[White "Scholz, Stefan"]
[Black "Pfarr, Michael"]
[Result "1/2-1/2"]
[WhiteElo "2046"]
[BlackElo "2074"]
[PlyCount "98"]
[EventDate "2014.??.??"]

1. d4 Nf6 2. c4 g6 3. Nc3 Bg7 4. e4 d6 5. Bd3 O-O 6. Nge2 e5 7. d5 Ne8 8. Be3
f5 9. exf5 gxf5 10. f3 Na6 11. Qd2 Nc5 12. O-O-O Nxd3+ 13. Qxd3 a6 14. h3 Bd7
15. g4 b5 16. c5 b4 17. Nb1 Bb5 18. Qc2 dxc5 19. Bxc5 Bh6+ 20. f4 Bxe2 21. Qxe2
Bxf4+ 22. Be3 Qg5 23. Bxf4 Qxf4+ 24. Nd2 Nd6 25. Rhf1 Qd4 26. Nf3 Qc4+ 27. Qxc4
Nxc4 28. Rde1 fxg4 29. hxg4 Rf4 30. b3 e4 31. Ng5 Rxf1 32. Rxf1 Ne3 33. Rf4
Nxd5 34. Rxe4 Rf8 35. Rd4 c6 36. Rc4 Rf1+ 37. Kd2 Rf2+ 38. Kd3 Rxa2 39. Rxc6
Rg2 40. Rxa6 Rg3+ 41. Kc2 Rxg4 42. Ra8+ Kg7 43. Ra7+ Kg6 44. Nxh7 Rf4 45. Kd3
Nc3 46. Rb7 Rf3+ 47. Kc4 Na2 48. Ra7 Rc3+ 49. Kb5 Nc1 {=} 1/2-1/2

[Event "Unterfränkischen EM 2014"]
[Site "Wörth am Main"]
[Date "2014.04.24"]
[Round "6.8"]
[White "Flach, Manuel"]
[Black "Ersoez, Can"]
[Result "0-1"]
[WhiteElo "1908"]
[BlackElo "2034"]
[PlyCount "70"]
[EventDate "2014.??.??"]

1. d4 c5 2. dxc5 e6 3. Nc3 Bxc5 4. Ne4 Bb4+ 5. c3 d5 6. cxb4 dxe4 7. Qxd8+ Kxd8
8. Bf4 Ne7 9. e3 Nd5 10. Rd1 Ke7 11. Bg3 Nd7 12. Bc4 N7b6 13. Bb3 Bd7 14. Ne2
Rac8 15. O-O Bb5 16. Rfe1 Bd3 17. Be5 f6 18. Bc3 Bxe2 19. Rxe2 Rxc3 20. bxc3
Nxc3 21. Red2 Nxd1 22. Rxd1 Rc8 23. Kf1 Nc4 24. Rd4 Nd6 25. Ke1 Rc1+ 26. Kd2
Rg1 27. g3 Rg2 28. Ke2 Rxh2 29. Rd1 Nf5 30. Rg1 h5 31. Rc1 Nxg3+ 32. Ke1 Rh1+
33. Kd2 Rxc1 34. Kxc1 Nh1 35. Bd1 h4 0-1

[Event "Unterfränkischen EM 2014"]
[Site "Wörth am Main"]
[Date "2014.04.24"]
[Round "6.2"]
[White "Scholz, Michael"]
[Black "Schneider, Jana"]
[Result "0-1"]
[WhiteElo "1876"]
[BlackElo "1766"]
[PlyCount "64"]
[EventDate "2014.??.??"]

1. b4 d5 2. Bb2 Nf6 3. e3 Bf5 4. Nf3 e6 5. b5 Nbd7 6. Be2 Bd6 7. c4 c6 8. a4
O-O 9. Nc3 Qc7 10. cxd5 exd5 11. Rc1 Nc5 12. d4 Nce4 13. h3 Rfc8 14. O-O Qe7
15. Nd2 Nxc3 16. Rxc3 cxb5 17. Bxb5 Bb4 18. Rxc8+ Rxc8 19. Qf3 g6 20. g4 Bxg4
21. hxg4 Bxd2 22. Ra1 Qe6 23. Be2 {=} 23... Ne4 24. Ba3 Qe8 25. Bd1 Be1 26. Bb3
Bxf2+ 27. Kg2 Bxe3 28. Bxd5 Rc2+ 29. Kh1 Nf2+ 30. Kg2 Nxg4+ 31. Kg3 h5 32. Qe4
Qb8+ 0-1

[Event "Unterfränkischen EM 2014"]
[Site "Wörth am Main"]
[Date "2014.04.24"]
[Round "6.4"]
[White "Chen, Jiaoji"]
[Black "Nagel, Erwin"]
[Result "1-0"]
[WhiteElo "1607"]
[BlackElo "1943"]
[PlyCount "123"]
[EventDate "2014.??.??"]

1. e4 c5 2. Nf3 a6 3. d4 cxd4 4. Nxd4 Nf6 5. Nc3 e5 6. Nf3 Bb4 7. Bd2 Nc6 8.
Bd3 O-O 9. O-O h6 10. Re1 d6 11. h3 Bc5 12. Na4 Ba7 13. b4 b5 14. Nb2 Bd7 15.
c3 Qb6 16. Be3 Qb7 17. Bc2 Bb8 18. a3 Be6 19. Nd2 d5 20. Nb3 Nxe4 21. Bxe4 dxe4
22. Nc5 Qc8 23. Nxe4 Ne7 24. Nc5 Rd8 25. Qc2 Bf5 26. Qb3 Nd5 27. Rad1 Nxe3 28.
Rxe3 Rxd1+ 29. Qxd1 Qc7 30. Qf3 e4 31. Qxf5 Qh2+ 32. Kf1 Bf4 33. Rxe4 Bc1 34.
Re7 Rf8 35. Nbd3 Bg5 36. Re4 Qh1+ 37. Ke2 Qa1 38. h4 Bc1 39. Nxc1 Qxc1 40. Re7
Qb2+ 41. Kf3 Qxc3+ 42. Re3 Qc1 43. Qd5 Qb2 44. Qd6 Qb1 45. Nxa6 Qf5+ 46. Kg3 h5
47. Qf4 Qg6+ 48. Qg5 Qxa6 49. Qxh5 Qd6+ 50. Kh3 Qd7+ 51. Kh2 Qc7+ 52. Rg3 Qf4
53. Qg5 Qxg5 54. Rxg5 Ra8 55. Rxb5 Rxa3 56. Rb8+ Kh7 57. b5 Rb3 58. b6 Kg6 59.
b7 f6 60. h5+ Kg5 61. g3 Kg4 62. h6 1-0

[Event "Unterfränkischen EM 2014"]
[Site "Wörth am Main"]
[Date "2014.04.24"]
[Round "6.5"]
[White "Markert, Markus"]
[Black "Klüber, Werner"]
[Result "1/2-1/2"]
[WhiteElo "2019"]
[BlackElo "1937"]
[PlyCount "90"]
[EventDate "2014.??.??"]

1. e4 g6 2. d4 Bg7 3. Nf3 d6 4. Bd3 Nf6 5. c3 O-O 6. Nbd2 c5 7. d5 e6 8. c4
exd5 9. cxd5 Re8 10. O-O Bg4 11. Qc2 a6 12. a4 Bc8 13. Nc4 Qc7 14. Bf4 Bf8 15.
a5 Nbd7 16. h3 b5 17. axb6 Nxb6 18. Nfd2 Nxc4 19. Nxc4 Nd7 20. Bd2 Ne5 21. Nxe5
Rxe5 22. f4 Re8 23. Bc3 Bg7 24. Bxg7 Kxg7 25. f5 Kh8 26. f6 Re5 27. Qd2 Qd8 28.
Rf4 Ra7 29. Qf2 Ra8 30. Rh4 Qf8 31. Qf4 g5 32. Qf2 gxh4 33. Qxh4 Qg8 34. Kh2
Qg5 35. Qf2 h5 36. h4 Qg6 37. Ra3 Bg4 38. Bc2 Qh6 39. Rb3 Rd8 40. Rb6 Bc8 41.
Rb8 Ree8 42. Rb6 Rg8 43. Bd3 Rg4 44. g3 Rgg8 45. Rc6 Rg4 {R} 1/2-1/2

[Event "Unterfränkischen EM 2014"]
[Site "Wörth am Main"]
[Date "2014.04.24"]
[Round "6.6"]
[White "Kirchner, Michael"]
[Black "Reitz, Helmut"]
[Result "0-1"]
[WhiteElo "1973"]
[BlackElo "1831"]
[PlyCount "62"]
[EventDate "2014.??.??"]

1. d4 Nf6 2. Nf3 d5 3. e3 c6 4. Ne5 Bf5 5. c4 Nbd7 6. cxd5 Nxe5 7. dxe5 Nxd5 8.
Qf3 Bxb1 9. Rxb1 Qa5+ 10. Bd2 Qxa2 11. Qe4 Nb6 12. b3 e6 13. Bd3 Qa3 14. O-O
Qe7 15. b4 Qg5 16. f4 Qd8 17. b5 c5 18. f5 Qd5 19. fxe6 fxe6 20. Bc3 c4 21. Qf4
cxd3 22. Qf7+ Kd8 23. Bb4 Bxb4 24. Rxb4 Nc4 25. Qxg7 Re8 26. Rd1 Qe4 27. Qg5+
Kd7 28. Qh5 Re7 29. Qe2 Qxe3+ 30. Qxe3 Nxe3 31. Rxd3+ Nd5 0-1

[Event "Unterfränkischen EM 2014"]
[Site "Wörth am Main"]
[Date "2014.04.24"]
[Round "6.7"]
[White "Schandel, Dietmar"]
[Black "Rößner, Uwe"]
[Result "1/2-1/2"]
[WhiteElo "1853"]
[BlackElo "1863"]
[PlyCount "28"]
[EventDate "2014.??.??"]

1. e4 d6 2. d4 Nf6 3. Nc3 e5 4. Nf3 exd4 5. Nxd4 Be7 6. Bc4 O-O 7. f3 c6 8. O-O
a6 9. a4 Re8 10. Re1 Nbd7 11. Nf5 Ne5 12. Nxe7+ Qxe7 13. Bb3 Be6 14. Bxe6 Qxe6
1/2-1/2

[Event "Unterfränkischen EM 2014"]
[Site "Wörth am Main"]
[Date "2014.04.24"]
[Round "6.8"]
[White "Drewes, Thomas"]
[Black "Thomele, Michael"]
[Result "1/2-1/2"]
[WhiteElo "1912"]
[BlackElo "1908"]
[PlyCount "34"]
[EventDate "2014.??.??"]

1. d4 d5 2. Nf3 e6 3. Bf4 Nf6 4. e3 c6 5. c3 Nbd7 6. Bd3 Be7 7. Nbd2 O-O 8. Ne5
Nxe5 9. Bxe5 Nd7 10. Bg3 c5 11. Nf3 a6 12. O-O b6 13. Ne5 Nxe5 14. Bxe5 f6 15.
Qh5 g6 16. Bxg6 hxg6 17. Qxg6+ Kh8 1/2-1/2